000
00321nam a2200145Ia 4500
008
210210b1933 xxu||||| |||| 00| 0 eng d
041
_a
eng
082
_a
829/402
100
_a
FRANCE (Anatole)
245
_a
Omnibus
260
_a
London
_b
-
_c
1933
650
_a
Omnibus
690
_a
English Fiction
906
_a
017006
999
_c
136965
_d
136965